Boris Zabarov (Record no. 8211)

MARC details
000 - LÍDER
campo de control de longitud fija 00702nam a2200205Ia 4500
008 - ELEMENTOS DE DATOS DE LONGITUD FIJA - INFORMACIÓN GENERAL
campo de control de longitud fija 0000001985 gw a 0000000000ger00
090 ## - NÚMERO DE LLAMADA DE TIPO LC LOCALMENTE ASIGNADO (OCLC)
Número de clasificación (OCLC) (R) PRU00 K73b
100 1# - ENTRADA PRINCIPAL - NOMBRE PERSONAL
Nombre de la persona Krimmel, Bernd
245 10 - TÍTULO DECLARACIÓN
Título Boris Zabarov
Resto del título : gemalde, aquarelle, zeichnungen
Declaración de responsabilidad / Bernd Krimmel
260 ## - PUBLICACIÓN, DISTRIBUCIÓN
Lugar de publicación Darmstadt (Alemania) : Roetherdruck Darmstadt
Fecha de publicación 1985
300 ## - DESCRIPCIÓN FÍSICA
Alcance 120 p.
Dimensiones / 22 cm.
500 ## - NOTA GENERAL
Nota general Exposición realizada en Mathildenhohe Darmstadt, Mayo 1 Junio 2, 1985
600 00 - ENTRADA DE SUJETO AÑADIDO - NOMBRE PERSONAL
Nombre de la persona ZABOROV, BORIS, 1937/
Subdivisión general TRABAJOS PICTORICOS
650 14 - ENTRADA DE SUJETO AÑADIDO - TÉRMINO TÓPICO
Término tópico o elemento de entrada del nombre geográfico ARTE CONTEMPORANEO RUSO
650 14 - ENTRADA DE SUJETO AÑADIDO - TÉRMINO TÓPICO
Subdivisión general CATALOGOS
650 14 - ENTRADA DE SUJETO AÑADIDO - TÉRMINO TÓPICO
Término tópico o elemento de entrada del nombre geográfico DIBUJOS RUSOS
650 14 - ENTRADA DE SUJETO AÑADIDO - TÉRMINO TÓPICO
Subdivisión general EXPOSICIONES
650 14 - ENTRADA DE SUJETO AÑADIDO - TÉRMINO TÓPICO
Término tópico o elemento de entrada del nombre geográfico PINTORES RUSOS
650 14 - ENTRADA DE SUJETO AÑADIDO - TÉRMINO TÓPICO
Término tópico o elemento de entrada del nombre geográfico PINTURA RUSA
Holdings
Estado de retirada Pérdida de estatus Estado dañado No para préstamo Código de recogida Ubicación permanente Ubicación actual Ubicación de las estanterías Fecha de adquisición Número de llamada completo Código de barras Fecha de la última vez que se vio Número de copia Precio efectivo desde Tipo de artículo Koha
        General ArtNexus ArtNexus General 06/09/2022 P-RU-00 K73B 8214 06/09/2022 Ej.1 06/09/2022 Libro

Powered by Koha